000 00565nam a2200205Ia 4500
005 20250326144123.0
008 250326s9999 xx 000 0 und d
020 _a978-0-7546-4754-6
037 _aTextbook
040 _aFMSL
_beng
_cFMSL
041 _aeng
_2eng
084 _aX:95 P7
_qFMSL
100 _aVettori S
_9749073
245 0 _aEmployment contract and the changed wold of work
_cVettori S
260 _aUSA
_bUSA, Ashgate
_c2007
300 _a198p
365 _b4945.1999999999998
942 _cTB
_hX:95 P7
999 _c1302433
_d1302433